000 01266nam a2200241 a 4500
001 000045424
003 DO-SdBNP
005 20220207102619.0
008 150309s 2014 dr 000 0 spa d
020 _a9789945587050
040 _aDO-SdBNP
_bspa
_cBNPHU
082 _axxxx
_bxxxx
100 1 _aMedrano, Néstor,
_d1970-
_910301
245 1 4 _aLas huellas literarias de Juan Bosch :
_b(radiografía literaria de un humanista) /
_cNéstor Medrano ; editora Irene Hernández.
260 _aSanto Domingo :
_bFundación Juan Bosch,
_c2014.
300 _a117 P. ;
_c23 cm.
490 1 _aBosch Vive
_v10
500 _aIncluye datos biográficos del autor en la solapa de la cubierta.
505 0 _aEl rastro literario de Juan Bosch --
_tBreves anotaciones del autor --
_tJuan Bosch : dualidad indivisible --
_tBalaguer : dos caminos distintos --
_tBosch enfrentó a Trujillo en lo ideológico y en la acción --
_t¿Por qué Judas Iscariote? --
_tBosch : valor universal --
_tLa impronta de Bosch con La Mañosa --
_tRadiografía de "Dos pesos de agua" --
_tBosch : poesía. : Neruda --
_tEl tránsito a la democracia post Trujillo todavía sigue con interrogantes y deudas.
700 1 2 _aHernández, Irene,
_eed.
_973475
830 0 _aBosch Vive ;
_n10
_973476
942 _2ddc
_cLBS1
999 _c44913
_d44913